000 00891nam a22002537a 4500
001 3249
003 FISKH
005 20250509091152.0
008 240222b cb ||||| |||| 00| 0 eng d
020 _a9780545107136
040 _aFISKH
_beng
_cFISKH
_dFISKH
050 _aPZ7.M85354
082 _a303
100 _aMoss, Olivia
245 _aButterfly Meadow :
_bJoy's close call /
_cby Olivia Moss ; illustrate by Helen Turner
260 _aNew York :
_bScholastic,
_c2009.
300 _a59 pages :
_billustrations ;
_c20 cm
505 _aN
520 _aA rainbow leads Dazzle and her friends to Bluebell Wood, where they meet a feisty butterfly named Joy. When they accidentally upset a nest of angry hornets, will Joy come to the rescue?
521 8 _a580
_bLexile estimate
521 8 _aN
_bRaz-Plus
650 _aButterfly Meadow
_vFiction
942 _2ddc
_cBK
_n0
999 _c3249
_d3249